Lessons learned in software testing : a context- driven approach
| Main Author: | |
|---|---|
| Other Authors: | , |
| Format: | Book |
| Published: |
New York :
Wiley Computer Publishing ,
2002
|
| Subjects: |
MARC
| LEADER | 00000cam a2200000 7i4500 | ||
|---|---|---|---|
| 001 | 0000052607 | ||
| 005 | 20020327.0 | ||
| 020 | |a 0471081124 | ||
| 090 | 0 | 0 | |a 005.14 |b KAN |
| 100 | 1 | |a Kaner, Cem | |
| 245 | 0 | 0 | |a Lessons learned in software testing : |b a context- driven approach |c Cem Kaner, James Bach, Bret Pettichord |
| 260 | |a New York : |b Wiley Computer Publishing , |c 2002 | ||
| 300 | |a 286p. : |b ill ; |c 24cm. | ||
| 650 | 0 | 0 | |a Computer software |x Testing |
| 700 | 1 | |a Bach, James | |
| 700 | 1 | |a Pettichord, Bret | |
| 999 | |a 125591 |b BUKU |c PINJAMAN |e PERPUSTAKAAN KOMUNITI PETALING JAYA | ||